000
00316nam a22001457a 4500
008
221012b ||||| |||| 00| 0 eng d
020
_a
0155188828
041
_a
eng
080
_2
4TH EDITION
_a
330
082
_a
330
100
_a
23.1
101
_a
MIC
245
_a
MICROECONOMICS
_c
GWARTNEY J
942
_2
udc
_c
BK
999
_c
58529
_d
58529